Southville International School and Colleges
Your cart is empty.
  • Cart
  • Lists
    Public lists Eva Luna New books Lux_list list_1
    Your lists Log in to create your own lists
  • Log in to your account
  • Your cookies
  • Search history
Southville International School and Colleges
  • Advanced search
  • Recent comments
  • Most popular
  • Libraries

Log in to your account

Log in with GOOGLE


If you do not have an external account, but do have a local account, you can still log in:

  1. Home
  2. MARC view: Selected articles on the Uganda Resistance War /
Normal view MARC view ISBD view

Selected articles on the Uganda Resistance War / (Record no. 10624)

[ view plain ]
MARC details
000 -LEADER
fixed length control field 00872cam a2200289 a 4500
001 - CONTROL NUMBER
control field 2404092
003 - CONTROL NUMBER IDENTIFIER
control field OSt
005 - DATE AND TIME OF LATEST TRANSACTION
control field 20140310182217.0
008 - FIXED-LENGTH DATA ELEMENTS--GENERAL INFORMATION
fixed length control field 860616s1985 ug a 000 0 eng
010 ## - LIBRARY OF CONGRESS CONTROL NUMBER
LC control number 85981541
040 ## - CATALOGING SOURCE
Original cataloging agency DLC
Transcribing agency DLC
Modifying agency DLC
043 ## - GEOGRAPHIC AREA CODE
Geographic area code f-ug---
050 00 - LIBRARY OF CONGRESS CALL NUMBER
Classification number DT 433.285
Item number .M872 1986
082 00 - DEWEY DECIMAL CLASSIFICATION NUMBER
Classification number HS 967.61
Item number M97 1986
100 1# - MAIN ENTRY--PERSONAL NAME
Personal name Museveni, Yoweri,
Dates associated with a name 1944-
9 (RLIN) 17125
240 10 - UNIFORM TITLE
Uniform title <a href="Selections.">Selections.</a>
Date of a work 1985
245 10 - TITLE STATEMENT
Title Selected articles on the Uganda Resistance War /
Statement of responsibility, etc Yoweri Museveni.
260 ## - PUBLICATION, DISTRIBUTION, ETC. (IMPRINT)
Place of publication, distribution, etc Nairobi, Kenya :
Name of publisher, distributor, etc NRM Publication,
Date of publication, distribution, etc c1986.
300 ## - PHYSICAL DESCRIPTION
Extent 87 p. :
Other physical details ill. ;
Dimensions 21 cm.
541 ## - IMMEDIATE SOURCE OF ACQUISITION NOTE
-- 1
562 ## - COPY AND VERSION IDENTIFICATION NOTE
Number of copies 1
650 #0 - SUBJECT ADDED ENTRY--TOPICAL TERM
Topical term or geographic name as entry element Museveni, Yoweri
9 (RLIN) 17126
650 #0 - SUBJECT ADDED ENTRY--TOPICAL TERM
Topical term or geographic name as entry element Uganda
General subdivision Politics & government
-- 1979
9 (RLIN) 17127
650 #0 - SUBJECT ADDED ENTRY--TOPICAL TERM
Topical term or geographic name as entry element Uganda
General subdivision Foreign relations
9 (RLIN) 17128
906 ## - LOCAL DATA ELEMENT F, LDF (RLIN)
a 7
b cbc
c orignew
d 2
e ncip
f 19
g y-gencatlg
942 ## - ADDED ENTRY ELEMENTS (KOHA)
Source of classification or shelving scheme Library of Congress Classification
Koha item type
Holdings
Withdrawn status Lost status Source of classification or shelving scheme Damaged status Home library Current library Shelving location Date acquired Total Checkouts Full call number Barcode Date last seen Copy number Price effective from Koha item type
    Library of Congress Classification   Luxembourg Library Luxembourg Library High School Section 09/07/2013   DT 433.285 .M872 1986 3110 01/06/2016 1 09/07/2013 Books

Selected articles on the Uganda Resistance War /

APA

Museveni Y., . (1986). Selected articles on the Uganda Resistance War. Nairobi, Kenya: NRM Publication.

Chicago

Museveni Yoweri, . 1986. Selected articles on the Uganda Resistance War. Nairobi, Kenya: NRM Publication.

Harvard

Museveni Y., . (1986). Selected articles on the Uganda Resistance War. Nairobi, Kenya: NRM Publication.

MLA

Museveni Yoweri, . Selected articles on the Uganda Resistance War. Nairobi, Kenya: NRM Publication. 1986.

  • Place hold
  • Print
  • Cite
  • Add to your cart (remove)
  • Save record
    BIBTEX Dublin Core MARCXML MARC (non-Unicode/MARC-8) MARC (Unicode/UTF-8) MARC (Unicode/UTF-8, Standard) MODS (XML) RIS
  • More searches
    Search for this title in:
    Other Libraries (WorldCat) Other Databases (Google Scholar) Online Stores (Bookfinder.com) Open Library (openlibrary.org)

Exporting to Dublin Core...

SOUTHVILLE LIBRARY

Southville International School and Colleges Library

1281 Tropical Ave. Cor. Luxembourg St., BF Homes International, Las Pinas City

Tel. No. 8256374 / 252358 Loc. 117/146

Powered by Koha